| 000 | 01113cam a22002655a 4500 | ||
|---|---|---|---|
| 001 | 1658948 | ||
| 005 | 20180522104133.0 | ||
| 008 | 970311s1996 be a fr 000 0 eng d | ||
| 020 | _a9282756688 | ||
| 020 | _a9789282756683 | ||
| 040 |
_aDLC _cDLC _dDLC _dEG-ScBUE _beng |
||
| 043 | _ae------ | ||
| 082 | 0 | 4 |
_a607.24 _222 _bECR |
| 245 | 0 | 0 |
_aEC research funding : _bgeneral information : a guide for applicants. |
| 250 | _a4th ed., completely rev. | ||
| 260 |
_aBrussels : _bEuropean Commission, Science, Research and Development, _c1996. |
||
| 300 |
_a197 p. : _bill. ; _c21 cm. |
||
| 500 | _a"Fourth framework programme 1994-1998." | ||
| 500 | _aRev. ed. of: EC research fundig / prepared byLieselotte Krickau-Richter, Otto von Schwerin. | ||
| 650 | 7 |
_aResearch _zEuropean Economic Community countries _xFinance _xHandbooks, manuals, etc. _2BUEsh |
|
| 650 | 7 |
_aEngineering _xResearch _zEuropean Economic Community countries _xFinance _xHandbooks, manuals, etc. _2BUEsh |
|
| 653 |
_bGGEN _cMay2018 |
||
| 700 | 2 |
_aKrickau-Richter, Lieselotte. _tForschungs- und Technologieforderung der EG. _lEnglish. |
|
| 942 | _2ddc | ||
| 999 |
_c26765 _d26737 |
||